书目信息 |
| 题名: |
数字视频处理
|
|
| 作者: | 赵鸿章 主编 | |
| 分册: | ||
| 出版信息: | 北京 北京师范大学出版社 2009 |
|
| 页数: | 221页 | |
| 开本: | 26cm | |
| 丛书名: | ||
| 单 册: | ||
| 中图分类: | TN941.3 | |
| 科图分类: | ||
| 主题词: | 视频信号--数字技术 , 视频信号 , 数字技术 | |
| 电子资源: | ||
| ISBN: | 978-7-303-10336-2 | |
| 000 | 01027nam0 2200277 45 | |
| 001 | 1030004191 | |
| 005 | 20100429094129.06 | |
| 010 | @a978-7-303-10336-2@dCNY44.00 | |
| 100 | @a20100420d2009 em y0chiy50 ea | |
| 101 | 0 | @achi |
| 102 | @aCN@b110000 | |
| 105 | @ay z 000yy | |
| 106 | @ar | |
| 200 | 1 | @a数字视频处理@AShu Zi Shi Pin Chu Li@e非线性编辑与流式化@EFei Xian Xing Bian Ji Yu Liu Shi Hua@f赵鸿章主编@FZhao Hong Zhang Zhu Bian |
| 210 | @a北京@c北京师范大学出版社@d2009 | |
| 215 | @a221页@d26cm@e附光盘1片 | |
| 300 | @a数字媒体技术专业系列规划教材/沙景荣总主编 | |
| 307 | @a附光盘:ISBN 978-7-900256-08-9 | |
| 330 | @a本书内容包括:数字视频处理基础理论、常用数字视频非线性编辑软件介绍、Adobe Premiere CS3、数字视频的获取技术、数字视频的非线性编辑技术、数字视频的流式化处理技术。 | |
| 606 | 0 | @a视频信号@x数字技术 |
| 606 | 0 | @a视频信号 |
| 606 | 0 | @a数字技术 |
| 690 | @aTN941.3@v4 | |
| 701 | 0 | @a赵鸿章@AZhao Hong Zhang@4主编 |
| 801 | 0 | @aCN@bTANGWEI@c20100429 |
| 905 | @b0595518-21@dTN941.3@e237@f4 | |
| 数字视频处理:非线性编辑与流式化/赵鸿章主编.-北京:北京师范大学出版社,2009 |
| 221页;26cm+附光盘1片 |
| 数字媒体技术专业系列规划教材/沙景荣总主编 |
| ISBN 978-7-303-10336-2:CNY44.00 |
| 本书内容包括:数字视频处理基础理论、常用数字视频非线性编辑软件介绍、Adobe Premiere CS3、数字视频的获取技术、数字视频的非线性编辑技术、数字视频的流式化处理技术。 |
| ● |
| 相关链接 |
|
|
|
|
正题名:数字视频处理
索取号:TN941.3/237
 
预约/预借
| 序号 | 登录号 | 条形码 | 馆藏地/架位号 | 状态 | 备注 |
| 1 | 0595518 | 205955180 | 第二样本阅览室/ [索取号:TN941.3/237] | 在馆 | |
| 2 | 0595519 | 205955199 | 第三借阅区/ [索取号:TN941.3/237] | 在馆 | |
| 3 | 0595520 | 205955206 | 第三借阅区/ [索取号:TN941.3/237] | 在馆 | |
| 4 | 0595521 | 205955215 | 第三借阅区/ [索取号:TN941.3/237] | 在馆 |